000 00660cam a22001935a 4500
001 ##J100748
008 000000s1911 000 0 eng u
035 _a(Sirsi) u100748
041 0 _aeng
050 0 4 _a333.0062 $2 18
100 1 _aWaterhouse, Paul
245 0 0 _aSpecification for alterations and additions to the Surveyors' Institution, May 1911
260 _a[S.l.]
_b[s.n.]
_c1911
300 _a68p.
_c32cm.
520 _aHandwritten specifications of works to be done and materials to be supplied for the institution.
651 4 _aGreat Britain
_y1707-
690 _aABOUT RICS-RICS OFFICES-RICS HEAD OFFICES-RICS PARLIAMENT SQUARE
942 _n0
999 _c99797
_d99797